| 000 | 00852cab a22002055a 4500 | ||
|---|---|---|---|
| 001 | L142839 | ||
| 008 | 080313e20080308xxkd f 000 0 eng d | ||
| 035 | _a(Sirsi) u142839 | ||
| 041 | 0 | _aeng | |
| 110 | 2 |
_aEstates Gazette _9298 |
|
| 245 | 0 | 0 | _aForecast worsens for 2008 |
| 260 | _c2008 | ||
| 490 |
_aEstates Gazette _v(0809) 8 March 2008, 54-55(2) |
||
| 520 | _aIPF consensus forecast survey for March 2008 reveals that the all-property total forecast has fallen to -2.6%, down from 0.9% in the previous quarter. This produces the first negative figure since the survey began in 1999. All sectors show a negative mean total. However forecasts for 2009 are improving. | ||
| 590 | _aKA | ||
| 650 | 2 | 4 | _aIPF CONSENSUS FORECAST SURVEY |
| 651 | 4 |
_aUnited Kingdom _y |
|
| 690 | _aPROPERTY-COMMERCIAL PROPERTY-COMMERCIAL PROPERTY MARKET | ||
| 942 | _n0 | ||
| 999 |
_c79950 _d79950 |
||